000 00564nam a22002177a 4500
003 UA-OsUOA
001 116757
007 ta
008 20160404b un ||||| |||| 00| 0 ukr d
100 _aКазмірчук О.
090 _a908
_bК14
942 _cSA
040 _aUA-OsUOA
_bukr
_cUA-OsUOA
_dUA-OsUOA
245 _aБлагословили нового голову Рівненської обласної ради
300 _aС.1
955 _a0
041 _aukr
080 _a908
773 0 _w116756
650 7 _a908 Краєзнавство
_2UDC
999 _c402668
_d402668